<?xml version='1.0' encoding='UTF-8'?>
  <record xmlns="http://www.loc.gov/MARC21/slim">
    <leader>00000ctm a2200000 i 4500</leader>
    <controlfield tag="001">ocn965428866</controlfield>
    <controlfield tag="003">OCoLC</controlfield>
    <controlfield tag="005">20250227033202.8</controlfield>
    <controlfield tag="008">101209q14901500xx            000 0 lat d</controlfield>
    <datafield tag="040" ind1=" " ind2=" ">
      <subfield code="a">QGJ</subfield>
      <subfield code="b">dut</subfield>
      <subfield code="c">QGJ</subfield>
      <subfield code="d">OCLCO</subfield>
      <subfield code="d">OCLCL</subfield>
      <subfield code="d">OCLCQ</subfield>
    </datafield>
    <datafield tag="035" ind1=" " ind2=" ">
      <subfield code="a">(OCoLC)965428866</subfield>
    </datafield>
    <datafield tag="041" ind1="1" ind2=" ">
      <subfield code="a">lat</subfield>
      <subfield code="h">fre</subfield>
    </datafield>
    <datafield tag="100" ind1="1" ind2=" ">
      <subfield code="a">Gerson, Johannes,</subfield>
      <subfield code="d">1363-1419.</subfield>
    </datafield>
    <datafield tag="245" ind1="1" ind2="0">
      <subfield code="a">Tractatus de monte contemplationis :</subfield>
      <subfield code="b">ex Gallico in Latinum translatus /</subfield>
      <subfield code="c">Johannes Gerson.</subfield>
      <subfield code="f">UBU Hs. 205 (3 F 13).</subfield>
    </datafield>
    <datafield tag="246" ind1="1" ind2=" ">
      <subfield code="a">Tres tractatus de canticis</subfield>
    </datafield>
    <datafield tag="246" ind1="1" ind2=" ">
      <subfield code="a">Centilogium de meditatione crucis</subfield>
    </datafield>
    <datafield tag="246" ind1="1" ind2=" ">
      <subfield code="a">Scala paradisi (excerpt)</subfield>
    </datafield>
    <datafield tag="246" ind1="1" ind2=" ">
      <subfield code="a">Quinque definitiones monachi ex Joanne Climaco cum glosa seu expositione Dionysii Carthusiensis</subfield>
    </datafield>
    <datafield tag="246" ind1="1" ind2=" ">
      <subfield code="a">Sermo de nomine monachi</subfield>
    </datafield>
    <datafield tag="246" ind1="1" ind2=" ">
      <subfield code="a">De non judicando proximum et de judicio temerario vitando</subfield>
    </datafield>
    <datafield tag="246" ind1="1" ind2=" ">
      <subfield code="a">De reformatione claustralium, cap. 3</subfield>
    </datafield>
    <datafield tag="246" ind1="1" ind2=" ">
      <subfield code="a">De laude et commendatione solitariae vitae, cap. 26</subfield>
    </datafield>
    <datafield tag="246" ind1="1" ind2=" ">
      <subfield code="a">De laude et praeconio solitariae vitae, cap. 26</subfield>
    </datafield>
    <datafield tag="246" ind1="1" ind2=" ">
      <subfield code="a">Epistola de modo studendi</subfield>
    </datafield>
    <datafield tag="246" ind1="1" ind2=" ">
      <subfield code="a">Epitaphium beati Bernardi abbatis</subfield>
    </datafield>
    <datafield tag="246" ind1="1" ind2=" ">
      <subfield code="a">Oratio de sancto malasia episcopo in claravalle sepulto</subfield>
    </datafield>
    <datafield tag="246" ind1="1" ind2=" ">
      <subfield code="a">Tractatus de veris virtutibus sive Paradisus animae</subfield>
    </datafield>
    <datafield tag="246" ind1="1" ind2=" ">
      <subfield code="a">De Jesu puero duodenni</subfield>
    </datafield>
    <datafield tag="246" ind1="1" ind2=" ">
      <subfield code="a">Epistola ad Hugonem priorem Sancti Victoris de scientia animae Christi</subfield>
    </datafield>
    <datafield tag="246" ind1="1" ind2=" ">
      <subfield code="a">De virtute patientiae</subfield>
    </datafield>
    <datafield tag="246" ind1="1" ind2=" ">
      <subfield code="a">Liber de vera et falsa poenitentia</subfield>
    </datafield>
    <datafield tag="260" ind1=" " ind2=" ">
      <subfield code="c">[ca. 1490-ca. 1500]</subfield>
    </datafield>
    <datafield tag="300" ind1=" " ind2=" ">
      <subfield code="a">279 fol. :</subfield>
      <subfield code="b">Penwerkinitialen met penwerkversiering in Utrechtse stijl ;</subfield>
      <subfield code="c">205 x 140 (143 x 87) mm.</subfield>
    </datafield>
    <datafield tag="336" ind1=" " ind2=" ">
      <subfield code="a">text</subfield>
      <subfield code="b">txt</subfield>
      <subfield code="2">rdacontent</subfield>
    </datafield>
    <datafield tag="337" ind1=" " ind2=" ">
      <subfield code="a">unmediated</subfield>
      <subfield code="b">n</subfield>
      <subfield code="2">rdamedia</subfield>
    </datafield>
    <datafield tag="338" ind1=" " ind2=" ">
      <subfield code="a">volume</subfield>
      <subfield code="b">nc</subfield>
      <subfield code="2">rdacarrier</subfield>
    </datafield>
    <datafield tag="340" ind1=" " ind2=" ">
      <subfield code="a">Papier</subfield>
      <subfield code="k">littera hybrida.</subfield>
    </datafield>
    <datafield tag="500" ind1=" " ind2=" ">
      <subfield code="a">Bevat behalve Tractatus Johannis Gerson de monte contemplationis (fol. 1r-46v) ook: Ejusdem Tres tractatus de canticis (fol. 46v-134r), Ejusdem Centilogium de meditatione crucis (fol. 134v-137v), Gemmarius parvus e Scala paradisi Joannis Climaci extractus (fol. 140r-170v), Quinque diffinitiones monachi ex Joanne Climaco cum glosa seu expositione Dionysii Carthusiensis (fol. 171r-174v), De non judicando proximum et de judicio temerario vitando (fol. 174v-176r), De vitanda incauta judicia (fol, 176r-178r), Crisostimus. Qui se non discutit et vindicat aliena ... (178r), Exemplum pulchrum. Quinque juvenes intraverunt in quoddam heremitagium ... (fol. 178v-179r), Studeat religiosus vere prescindere ... Hec Katherina de Senis (fol. 179r), Discipulo fracto nimietate adversitatum ... respondet eterna sapiencia (fol. 179v-182r), De dilectione Dei et de odio sui ipsius (fol. 182r-182v), Epistola Thomae de Aquino cuidam fratri missa. Quia quesisti a me ... (fol. 182v-183r), Epitaphium beati Bernardi abbatis. Mira loquar ... (fol. 183r-183v), Oratio ejusdem beati Bernardi de sancto malasia episcopo in claravalle sepulto (fol. 183v), Venerabilis H. Coesvelt carthus. Non video pociorem causam cur tam pauci modernis temporibus in sanctitate proficiunt ... (fol. 183v-184r), Tractatus Alberti Magni de veris virtutibus sive Paradisus animae (fol. 188r-227v), Epistola Petri Damiani de puero Jhesu duodenne (fol. 228r-242r), Epistola Gilberti Porretani ad Hugonem priorem Sancti Victoris de scientia animae Christi (fol. 242v-252r), Tractatus beati Augustini episcopi de virtute patientiae (fol. 252v-262v), Ejusdem Liber de vera et falsa poenitentia (fol. 263r-279v).</subfield>
    </datafield>
    <datafield tag="500" ind1=" " ind2=" ">
      <subfield code="a">Onbeschreven: fol. 138-139, 185-187.</subfield>
    </datafield>
    <datafield tag="500" ind1=" " ind2=" ">
      <subfield code="a">Door verschillende kopiisten geschreven.</subfield>
    </datafield>
    <datafield tag="524" ind1=" " ind2=" ">
      <subfield code="a">Te citeren als: Universiteitsbibliotheek Utrecht Hs. 205 (3 F 13).</subfield>
    </datafield>
    <datafield tag="581" ind1=" " ind2=" ">
      <subfield code="a">P.A. Tiele, Catalogus codicum manu scriptorum Bibliothecae Universitatis Rheno-Trajectinae. I. Trajecti ad Rhenum / Hagae Comitis 1887. p. 66-67.</subfield>
    </datafield>
    <datafield tag="581" ind1=" " ind2=" ">
      <subfield code="a">[A. Hulshof], Catalogus codicum manu scriptorum Bibliothecae Universitatis Rheno-Traiectinae. II. Traiecti ad Rhenum 1909. p. 26, 275.</subfield>
    </datafield>
    <datafield tag="581" ind1=" " ind2=" ">
      <subfield code="a">Aelred de Rievaulx, Quand Jésus eut douze ans. Intr. en texte crit. de A. Hoste, trad. de J. Dubois. Paris 1958. (= Textes monastiques d'Occident 1). p. xx.</subfield>
    </datafield>
    <datafield tag="581" ind1=" " ind2=" ">
      <subfield code="a">Dionysius Cartusiensis, Opera selecta. I: K. Emery Jr., Prolegomena: Bibliotheca manuscripta. Pts. 1A-1B. Studia bibliographica. (= Corpus Christianorum. Continuatio Mediaevalis 121-121A). p. 201.</subfield>
    </datafield>
    <datafield tag="581" ind1=" " ind2=" ">
      <subfield code="a">A. Hulshof &amp; M.J. Schretlen, De kunst der oude boekbinders. XVde en XVIde eeuwsche boekbanden in de Utrechtsche Universiteitsbibliotheek. Utrecht 1921. p. 10.</subfield>
    </datafield>
    <datafield tag="581" ind1=" " ind2=" ">
      <subfield code="a">R.C. Musto, 'Angelo Clareno OFM, fourteenth-century translator of the Greek fathers. An introduction and a checklist of manuscripts and printings of his Scala paradisi', in: Archivum franciscanum historicum 76 (1983), p. 589-645. p. ? (fols. 140-170).</subfield>
    </datafield>
    <datafield tag="581" ind1=" " ind2=" ">
      <subfield code="a">M.Th. Wieser, Die handschriftliche Überlieferung der Werke des heiligen Augustinus VIII.1: Belgien, Luxembourg und Niederlande. Werkverzeichnis. Wien 2000 (= Sitzungsberichte der Österreichische Akademie der Wissenschaften. Phil.-Hist. Klasse 685) p. 122, 162.</subfield>
    </datafield>
    <datafield tag="581" ind1=" " ind2=" ">
      <subfield code="a">M. Th. Wieser, Die Handschriftliche Überlieferung der Werke des heiligen Augustinus Bd. VIII/2. Belgien, Luxemburg und Niederlande. Verzeichnis nach Bibliotheken. Wien 2000 (= Sitzungsberichte der Österreichische Akademie der Wissenschaften. Phil.-Hist. Klasse 685) p. 300.</subfield>
    </datafield>
    <datafield tag="500" ind1=" " ind2=" ">
      <subfield code="a">Fol. 188r-227v geschreven door Wilhelmus Nicolai Amsterdamensis (fol. 227v: Expliciunt vere virtutes domini alberti magni. Per me fratrem wilhelmum nycolai amsterdamensem scripte ac finite).</subfield>
    </datafield>
    <datafield tag="500" ind1=" " ind2=" ">
      <subfield code="a">Over de kopiist Wilhelmus Nicolai zie: J.G.M. Sanders, Waterland als woestijn: geschiedenis van het kartuizerklooster 'Het Hollandse Huis' bij Geertruidenberg (1336-1595), p. 209.</subfield>
    </datafield>
    <datafield tag="500" ind1=" " ind2=" ">
      <subfield code="a">Het excerpt van Scala paradisi Joannis Climaci (fol. 140r-170v) in de Latijnse vert. van het Griekse origineel door Angelo Clareno.</subfield>
    </datafield>
    <datafield tag="500" ind1=" " ind2=" ">
      <subfield code="a">Het excerpt getiteld Quinque diffinitiones monachi ... bevat dezelfde tekst als die van Sermo de nomine monachi ..., waarvan het begin ontbreekt; dezelfde tekst komt ook voor in De reformatione claustralium.</subfield>
    </datafield>
    <datafield tag="500" ind1=" " ind2=" ">
      <subfield code="a">De vitanda incauta judicia is c. 26 van De laude et commendatione solitariae vitae, ook bekend o.d.t. De laude et praeconio solitariae vitae.</subfield>
    </datafield>
    <datafield tag="500" ind1=" " ind2=" ">
      <subfield code="a">Fol. 178r-182v ontleend aan diverse teksten van o.m. Johannes Chrysostomus en Catharina van Siena.</subfield>
    </datafield>
    <datafield tag="500" ind1=" " ind2=" ">
      <subfield code="a">Fol. 182v-183r bekend o.d.t. Epistola de modo studendi wordt toegeschreven aan Thomas Aquinas.</subfield>
    </datafield>
    <datafield tag="500" ind1=" " ind2=" ">
      <subfield code="a">Fol. 183v-184r: brief aan Hendrik van Coesfeld.</subfield>
    </datafield>
    <datafield tag="500" ind1=" " ind2=" ">
      <subfield code="a">Fol. 228r-242r: auteur is niet Petrus Damianus, maar Aelredus Rievallensis.</subfield>
    </datafield>
    <datafield tag="500" ind1=" " ind2=" ">
      <subfield code="a">Fol. 242v-252r: auteur is niet Gilbertus Porreta maar Gualterus de Mauritania.</subfield>
    </datafield>
    <datafield tag="500" ind1=" " ind2=" ">
      <subfield code="a">Liber de vera et falsa poenitentia ten onrechte toegeschreven aan Augustinus.</subfield>
    </datafield>
    <datafield tag="563" ind1=" " ind2=" ">
      <subfield code="a">Contemporaine leren band over houten platten, blindgestempeld met ruitpatroon van diagonale tripellijnen in een rechthoekig kader van tripellijnen, in ieder ruit een stempel, twee klampsluitingen, rug is vernieuwd, band is gerestaureerd in 1986.</subfield>
    </datafield>
    <datafield tag="583" ind1=" " ind2=" ">
      <subfield code="a">Restauratierapport aanwezig.</subfield>
    </datafield>
    <datafield tag="530" ind1=" " ind2=" ">
      <subfield code="a">Also available in online version.</subfield>
    </datafield>
    <datafield tag="600" ind1="0" ind2="4">
      <subfield code="a">Bernardus Claraevallensis.</subfield>
    </datafield>
    <datafield tag="600" ind1="1" ind2="4">
      <subfield code="a">Henricus de Coesveldia,</subfield>
      <subfield code="d">1349-1410.</subfield>
    </datafield>
    <datafield tag="655" ind1=" " ind2="7">
      <subfield code="a">Handschriften (vorm)</subfield>
      <subfield code="0">(NL-LeOCL)088143309.</subfield>
      <subfield code="2">gtt</subfield>
    </datafield>
    <datafield tag="700" ind1="0" ind2=" ">
      <subfield code="a">Wilhelmus Nicolai de Amsterdam.</subfield>
      <subfield code="4">scr</subfield>
    </datafield>
    <datafield tag="700" ind1="0" ind2=" ">
      <subfield code="a">Johannes Climacus.</subfield>
    </datafield>
    <datafield tag="700" ind1="0" ind2=" ">
      <subfield code="a">Angelo Clareno,</subfield>
      <subfield code="d">ca. 1255-1337.</subfield>
    </datafield>
    <datafield tag="700" ind1="0" ind2=" ">
      <subfield code="a">Dionysius Carthusianus,</subfield>
      <subfield code="d">ca. 1402-1471.</subfield>
    </datafield>
    <datafield tag="700" ind1="0" ind2=" ">
      <subfield code="a">Johannes Chrysostomus,</subfield>
      <subfield code="d">ca. 345-407.</subfield>
    </datafield>
    <datafield tag="700" ind1="0" ind2=" ">
      <subfield code="a">Catharina,</subfield>
      <subfield code="c">van Sie͏̈na,</subfield>
      <subfield code="d">1347-1380.</subfield>
      <subfield code="1">https://id.oclc.org/worldcat/entity/E39PBJxmJhMDGRcjtMkydyVcT3</subfield>
    </datafield>
    <datafield tag="700" ind1="0" ind2=" ">
      <subfield code="a">Thomas, van Aquino,</subfield>
      <subfield code="d">1225-1274.</subfield>
      <subfield code="1">https://id.oclc.org/worldcat/entity/E39PBJyMkPRmyFpxV4XVwgRVG3</subfield>
    </datafield>
    <datafield tag="700" ind1="0" ind2=" ">
      <subfield code="a">Bernardus Claraevallensis.</subfield>
    </datafield>
    <datafield tag="700" ind1="0" ind2=" ">
      <subfield code="a">Albertus Magnus,</subfield>
      <subfield code="d">ca. 1200-1280.</subfield>
    </datafield>
    <datafield tag="700" ind1="0" ind2=" ">
      <subfield code="a">Aelredus Rievallensis,</subfield>
      <subfield code="c">abbas.</subfield>
    </datafield>
    <datafield tag="700" ind1="0" ind2=" ">
      <subfield code="a">Gualterus,</subfield>
      <subfield code="c">de Mauritania,</subfield>
      <subfield code="d">-1174.</subfield>
      <subfield code="1">https://id.oclc.org/worldcat/entity/E39PBJyMfmq9m9TRcm7QmqTyh3</subfield>
    </datafield>
    <datafield tag="700" ind1="1" ind2=" ">
      <subfield code="a">Augustinus, Aurelius.</subfield>
    </datafield>
    <datafield tag="700" ind1="0" ind2=" ">
      <subfield code="a">Augustinus,</subfield>
      <subfield code="c">Pseudo-</subfield>
    </datafield>
    <datafield tag="710" ind1="2" ind2=" ">
      <subfield code="a">Karthuizerklooster Nieuwlicht of Bloemendaal (Utrecht)</subfield>
      <subfield code="4">fmo</subfield>
    </datafield>
    <datafield tag="758" ind1=" " ind2=" ">
      <subfield code="a">Tractatus de monte contemplationis UBU Hs. 205 (3 F 13) (Text)</subfield>
      <subfield code="1">https://id.oclc.org/worldcat/entity/E39PCGr47dgQpW8JXKrwtBjKkC</subfield>
      <subfield code="4">https://id.oclc.org/worldcat/ontology/hasWork</subfield>
    </datafield>
    <datafield tag="776" ind1="0" ind2="8">
      <subfield code="i">Online version:</subfield>
      <subfield code="a">Gerson, Johannes,</subfield>
      <subfield code="t">Tractatus de monte contemplationis :</subfield>
    </datafield>
    <datafield tag="856" ind1="4" ind2="1">
      <subfield code="u">http://objects.library.uu.nl/reader/resolver.php?obj=002332582&amp;type=2</subfield>
      <subfield code="x">Online</subfield>
      <subfield code="z">Full text</subfield>
    </datafield>
    <datafield tag="936" ind1=" " ind2=" ">
      <subfield code="a">BATCHLOAD</subfield>
    </datafield>
  </record>